Представление документа в формате MARC21

Поле Инд. ПП Название Значение
Тип записи a
Библиографический уровень a
001 Контрольный номер RU/IS/BASE/262109348
005 Дата корректировки 20240326093212.8
084 a Индекс другой классификации/Индекс ББК 83.3(2=411.2)6-8Гуро Е. Г.,444
090 00 a Полочн. индекс 85.03(2)6-022.8
x Авторский знак Х 201
100 10 a Автор Харджиев Н. И.
q Полное имя Харджиев Николай Иванович
245 00 a Заглавие Елена Гуро. К 25-летию со дня смерти
c Ответственность материалы и комментарии Давида Бурлюка и Александр Бенуа
600 14 a Персоналии Гуро Елена Генриховна
650 04 a Основная рубрика искусство
a Основная рубрика история искусства
653 00 a Ключевые слова XX век
a Ключевые слова биографии
a Ключевые слова жанровые особенности
a Ключевые слова история литературы
a Ключевые слова лирическая проза
a Ключевые слова литературное творчество
a Ключевые слова литературоведение
a Ключевые слова новейшее время
a Ключевые слова проза
a Ключевые слова русская литература
a Ключевые слова символизм
a Ключевые слова стиховые элементы
a Ключевые слова творчество
a Ключевые слова тематика
a Ключевые слова филологические науки
773 00 d Дата издания источника Москва, 1997
g Прочая информация Т.1. - С. 327-329
t Заглавие источника Харджиев Н. И. Статьи об авангарде
w Контрольный № источника RU/IS/BASE/103044871
901 t Тип документа a